000 00340nam a2200145Ia 4500
100 _aDeo/Narsingh
942 _cBK
654 _aSystem Simulation
245 _aSystem Simulation With Digital Computers
260 _bPrentice Hall of India
_aNEW DELHI
_c1987
082 _a621.3
_bDeo
300 _a200
546 _aENGLISH
999 _c26183
_d26183